Langsenkamp processing equipment for the food and chemical industries

保存先:
書誌詳細
フォーマット: 図書
言語:Undetermined
出版事項: Indianapolis, Indiana F.H Landsenkamp Company 1868
主題:
タグ: タグ追加
タグなし, このレコードへの初めてのタグを付けませんか!
Thư viện lưu trữ: Trung tâm Học liệu Trường Đại học Cần Thơ
LEADER 00434nam a2200145Ia 4500
001 CTU_23493
008 210402s9999 xx 000 0 und d
082 |a 016 
082 |b L285 
245 0 |a Langsenkamp processing equipment for the food and chemical industries 
260 |a Indianapolis, Indiana 
260 |b F.H Landsenkamp Company 
260 |c 1868 
650 |a Catalue 
980 |a Trung tâm Học liệu Trường Đại học Cần Thơ